Normal view
MARC view
- India Feeedom
Entry Topical Term
001 - CONTROL NUMBER
- control field: 111738
003 - CONTROL NUMBER IDENTIFIER
- control field: NUST
005 - DATE AND TIME OF LATEST TRANSACTION
- control field: 20230405092721.0
008 - FIXED-LENGTH DATA ELEMENTS
- fixed length control field: 230405|| aca||aabn | a|a d
040 ## - CATALOGING SOURCE
- Original cataloging agency: NUST
- Transcribing agency: NUST
150 ## - HEADING--TOPICAL TERM
- Topical term or geographic name entry element: India Feeedom
670 ## - SOURCE DATA FOUND
- Source citation: Work cat.: (NUST)187378: Khan,Abdul Waheed, India Wins Freedom The Other Side / , 1961
